[Event "Ruhrgebiet Verbandsliga Gruppe 1 1819"]
[Site "Nordrheinwestfalen"]
[Date "2019.03.10"]
[Round "7.6"]
[White "Busche, Klaus"]
[Black "Jaeger, Heinz"]
[Result "1/2-1/2"]
[WhiteElo "1927"]
[BlackElo "1966"]
[PlyCount "159"]
[EventDate "2018.09.23"]
[EventType "team-tourn"]
[EventRounds "9"]
[EventCountry "GER"]
[SourceTitle "EXT 2022"]
[Source "ChessBase"]
[SourceDate "2021.10.06"]
[SourceVersion "1"]
[SourceVersionDate "2021.10.06"]
[SourceQuality "1"]
[WhiteTeam "Ahlen SV"]
[BlackTeam "Bottrop SV"]
[WhiteTeamCountry "GER"]
[BlackTeamCountry "GER"]

1. d4 d5 2. Bf4 e6 3. e3 Nf6 4. Nd2 c5 5. c3 Nc6 6. Bd3 Bd6 7. Bxd6 Qxd6 8. f4 cxd4 9. cxd4 0-0 10. a3 b6 11. Ngf3 Bb7 12. 0-0 Rac8 13. Qe2 Ne7 14. Rfc1 Rc7 15. Rxc7 Qxc7 16. Nb3 Rc8 17. h3 Ne4 18. Rc1 Qd6 19. Rxc8+ Nxc8 20. Nfd2 Qc7 21. Nxe4 dxe4 22. Qc2 Qxc2 23. Bxc2 Bd5 24. Nd2 Nd6 25. Kf2 f5 26. Ke2 Kf7 27. b3 Kf6 28. Nb1 h6 29. a4 Nb7 30. Kd2 Na5 31. Kc3 Nc6 32. Na3 Ke7 33. Bd1 Kd7 34. Be2 Kc7 35. Nb5+ Kd7 36. Na3 Kc7 37. Bb5 Ne7 38. Bc4 Kb7 39. Nb5 Nc8 40. Kd2 Kc6 41. Kc3 Kb7 42. Be2 g6 43. h4 h5 44. Na3 Kc7 45. Nc2 Kd6 46. Na3 Kc7 47. Kb4 a5+ 48. Kc3 Ne7 49. Bb5 Bc6 50. Bc4 Bd5 51. Be2 Kd6 52. Nb5+ Kc6 53. Bd1 Kd7 54. Na3 Kc7 55. Be2 Kd6 56. Bc4 Kd7 57. Nb1 Kc7 58. Nd2 Bxc4 59. bxc4 Kc6 60. Nf1 Kd6 61. Ng3 Kc6 62. Nh1 Kd6 63. Nf2 Ng8 64. Nh3 Nf6 65. Ng5 Ng4 66. Kd2 Nh6 67. Ke2 Ng8 68. Nf7+ Kc7 69. Ne5 Ne7 70. Kd2 Kd6 71. Kc3 Kc7 72. Nf7 Kc6 73. d5+ exd5 74. Kd4 dxc4 75. Ne5+ Kd6 76. Nxc4+ Kc6 77. Ne5+ Kd6 78. Nc4+ Kc6 79. Ne5+ Kd6 80. Nc4+ 1/2-1/2

[Event "Ruhrgebiet Regionalliga 1718"]
[Site "Germany"]
[Date "2018.01.21"]
[Round "5.6"]
[White "Busche, Klaus"]
[Black "Rohovoy, Dimitrij"]
[Result "1-0"]
[WhiteElo "1916"]
[BlackElo "1930"]
[PlyCount "113"]
[EventDate "2017.10.01"]
[EventType "team-tourn"]
[EventRounds "9"]
[EventCountry "GER"]
[SourceTitle "EXT 2022"]
[Source "ChessBase"]
[SourceDate "2021.10.06"]
[SourceVersion "1"]
[SourceVersionDate "2021.10.06"]
[SourceQuality "1"]
[WhiteTeam "Ahlen SV"]
[BlackTeam "Sodingen/Castrop SK"]
[WhiteTeamCountry "GER"]
[BlackTeamCountry "GER"]

1. d4 Nf6 2. Nf3 e6 3. e3 d5 4. Bd3 Bd6 5. Nbd2 c5 6. b3 Nc6 7. Bb2 0-0 8. 0-0 cxd4 9. exd4 Bd7 10. a3 Ne7 11. c4 Ng6 12. g3 Rc8 13. c5 Bb8 14. b4 Ng4 15. Qe2 f5 16. Rae1 Nf6 17. Ne5 Nxe5 18. dxe5 Ne4 19. f4 a6 20. Nf3 Qe8 21. Nd4 Qg6 22. Kh1 Ba7 23. Rc1 Qh6 24. Qe3 Rc7 25. Nb3 Rfc8 26. Bd4 Ba4 27. Na5 Qh3 28. Rce1 h5 29. Rf3 Qg4 30. Rff1 Kf7 31. Qe2 Qg6 32. Bxe4 dxe4 33. Nc4 Kg8 34. Nd6 Rd8 35. Qe3 Bc6 36. Kg2 Rcd7 37. Kf2 Bb8 38. Rg1 Qg4 39. h3 Qxh3 40. Rh1 Qg4 41. Rh4 Qg6 42. Reh1 Bxd6 43. exd6 b6 44. Rxh5 bxc5 45. bxc5 Bd5 46. Rg5 Qe8 47. Rgh5 Qg6 48. Rg5 Qe8 49. Rh6 Rb8 50. Rhg6 Rb3 51. Rxg7+ Rxg7 52. Rxg7+ Kf8 53. d7 Qb8 54. Bc3 Rb2+ 55. Bxb2 Qxb2+ 56. Kg1 Qb8 57. Qc3 1-0

[Event "Ruhrgebiet Regionalliga 1718"]
[Site "Germany"]
[Date "2017.12.10"]
[Round "4.5"]
[White "Busche, Klaus"]
[Black "Hillebrand, Carsten"]
[Result "1-0"]
[WhiteElo "1947"]
[BlackElo "1849"]
[PlyCount "149"]
[EventDate "2017.10.01"]
[EventType "team-tourn"]
[EventRounds "9"]
[EventCountry "GER"]
[SourceTitle "EXT 2022"]
[Source "ChessBase"]
[SourceDate "2021.10.06"]
[SourceVersion "1"]
[SourceVersionDate "2021.10.06"]
[SourceQuality "1"]
[WhiteTeam "Ahlen SV"]
[BlackTeam "Dortmund Hansa II"]
[WhiteTeamCountry "GER"]
[BlackTeamCountry "GER"]

1. d4 Nf6 2. Nc3 d5 3. Bf4 g6 4. Qd2 c6 5. Nf3 Nbd7 6. Bh6 Qc7 7. Bxf8 Nxf8 8. e3 Ne6 9. Be2 Ng7 10. 0-0 0-0 11. h3 Nf5 12. Qc1 Kg7 13. Nb1 Nd6 14. Nbd2 Nfe4 15. Nxe4 dxe4 16. Nd2 f5 17. c4 Nf7 18. Qc3 Qd6 19. c5 Qf6 20. f4 exf3 21. Nxf3 Kg8 22. e4 Qg7 23. Bc4 Kh8 24. Bxf7 Rxf7 25. exf5 gxf5 26. Qe3 f4 27. Qe5 Rf5 28. Qxg7+ Kxg7 29. Rae1 e6 30. Nh4 Rf6 31. Re4 Bd7 32. Rfxf4 Rxf4 33. Rxf4 Be8 34. Nf3 Bg6 35. Ne5 Rd8 36. Kf2 Re8 37. Ke3 Re7 38. Rf1 Be8 39. a4 b6 40. cxb6 axb6 41. Rc1 Ra7 42. b3 Rb7 43. Rc3 Kf6 44. Ke4 c5 45. Rf3+ Ke7 46. Rg3 Kf6 47. Ng4+ Ke7 48. dxc5 bxc5 49. Ke5 c4 50. bxc4 Ra7 51. Ne3 Ra5+ 52. Kd4 Bg6 53. Ng4 Kd6 54. Ra3 e5+ 55. Kc3 h5 56. Kb4 Ra7 57. Ne3 Be4 58. g4 hxg4 59. hxg4 Rb7+ 60. Kc3 Ra7 61. a5 Kc5 62. Ra1 Ra6 63. Nf5 Rg6 64. Ne3 Ra6 65. Nd5 Bxd5 66. cxd5 Kxd5 67. Kb4 e4 68. Kb5 Ra8 69. a6 Rb8+ 70. Ka5 Kc6 71. Rc1+ Kd7 72. a7 Ra8 73. Kb6 Ke6 74. Kb7 Rxa7+ 75. Kxa7 1-0

[Event "Ruhrgebiet Regionalliga 1718"]
[Site "Germany"]
[Date "2017.11.12"]
[Round "3.5"]
[White "Poetter, Clemens"]
[Black "Busche, Klaus"]
[Result "1-0"]
[WhiteElo "1983"]
[BlackElo "1947"]
[PlyCount "95"]
[EventDate "2017.10.01"]
[EventType "team-tourn"]
[EventRounds "9"]
[EventCountry "GER"]
[SourceTitle "EXT 2022"]
[Source "ChessBase"]
[SourceDate "2021.10.06"]
[SourceVersion "1"]
[SourceVersionDate "2021.10.06"]
[SourceQuality "1"]
[WhiteTeam "Borbeck Weisse Dame"]
[BlackTeam "Ahlen SV"]
[WhiteTeamCountry "GER"]
[BlackTeamCountry "GER"]

1. d4 d5 2. Nf3 Nc6 3. Bf4 Bg4 4. e3 e6 5. Nbd2 Bd6 6. Be2 Nge7 7. h3 Bxf3 8. Nxf3 Bxf4 9. exf4 Qd6 10. Qd2 h6 11. g3 0-0-0 12. Ne5 Nxe5 13. fxe5 Qb6 14. 0-0-0 c5 15. Qc3 c4 16. f4 Kb8 17. g4 g6 18. Kb1 Rdf8 19. Qe3 Ka8 20. Rdf1 Rc8 21. c3 Qa5 22. Bd1 b5 23. a3 Qb6 24. Bc2 a5 25. f5 gxf5 26. gxf5 b4 27. axb4 Rb8 28. Kc1 axb4 29. Kd2 exf5 30. Ra1+ Kb7 31. Ra4 Nc6 32. Qf3 Qd8 33. Bxf5 Qg5+ 34. Ke2 Rhd8 35. Bg4 Qe7 36. Rf1 Ra8 37. Rxa8 Rxa8 38. Qxd5 Rd8 39. Qb5+ Kc7 40. Rf6 Qxf6 41. exf6 Rxd4 42. Bf3 Rd6 43. Bxc6 Rxc6 44. Qxb4 Re6+ 45. Kd2 Rd6+ 46. Kc2 Kd7 47. Qb7+ Ke6 48. Qe7+ 1-0

[Event "Ruhrgebiet Regionalliga 1718"]
[Site "Germany"]
[Date "2017.10.22"]
[Round "2.5"]
[White "Busche, Klaus"]
[Black "Buschmann, Andreas"]
[Result "0-1"]
[WhiteElo "1930"]
[BlackElo "2010"]
[PlyCount "104"]
[EventDate "2017.10.01"]
[EventType "team-tourn"]
[EventRounds "9"]
[EventCountry "GER"]
[SourceTitle "EXT 2022"]
[Source "ChessBase"]
[SourceDate "2021.10.06"]
[SourceVersion "1"]
[SourceVersionDate "2021.10.06"]
[SourceQuality "1"]
[WhiteTeam "Ahlen SV"]
[BlackTeam "Horst Emscher"]
[WhiteTeamCountry "GER"]
[BlackTeamCountry "GER"]

1. d4 Nf6 2. Nc3 g6 3. e4 d6 4. Nf3 Bg7 5. h3 0-0 6. Be3 c6 7. a4 Qc7 8. Be2 e5 9. dxe5 dxe5 10. a5 Rd8 11. Qb1 Nbd7 12. Nd2 Nf8 13. 0-0 Ne6 14. Bc4 Bf8 15. Bxe6 Bxe6 16. Bg5 Be7 17. Nf3 Nh5 18. Bxe7 Qxe7 19. Qc1 Qc5 20. Rd1 f6 21. Rd2 Kf7 22. Rxd8 Rxd8 23. Qe3 Qxe3 24. fxe3 Ng7 25. Ra4 Ke7 26. Ra1 g5 27. Rd1 Rxd1+ 28. Nxd1 Kd6 29. b4 c5 30. b5 c4 31. c3 Kc5 32. b6 a6 33. Nb2 Kb5 34. Nd2 Ne8 35. Kf2 Nd6 36. Ke1 Kxa5 37. Kd1 Kxb6 38. Kc2 Kc5 39. Na4+ Kc6 40. Nb2 b5 41. Nd1 a5 42. Nf2 Kc5 43. g4 b4 44. Nh1 bxc3 45. Kxc3 Nb5+ 46. Kc2 c3 47. Nb1 Kb4 48. Ng3 Bb3+ 49. Kc1 c2 50. Nd2 Nc3 51. Kb2 a4 52. Nxb3 axb3 0-1

[Event "Ruhrgebiet Regionalliga 1617"]
[Site "Germany"]
[Date "2016.10.02"]
[Round "2.6"]
[White "Canzler, Harald"]
[Black "Busche, Klaus"]
[Result "1/2-1/2"]
[WhiteElo "1964"]
[BlackElo "1903"]
[PlyCount "27"]
[EventDate "2016.09.11"]
[EventType "team-tourn"]
[EventRounds "9"]
[EventCountry "GER"]
[SourceTitle "EXT 2022"]
[Source "ChessBase"]
[SourceDate "2021.10.06"]
[SourceVersion "1"]
[SourceVersionDate "2021.10.06"]
[SourceQuality "1"]
[WhiteTeam "Dortmund SV"]
[BlackTeam "Ahlen SV"]
[WhiteTeamCountry "GER"]
[BlackTeamCountry "GER"]

1. Nf3 d5 2. g3 Nc6 3. Bg2 e5 4. d3 Nf6 5. 0-0 h6 6. c4 dxc4 7. Qa4 Bd6 8. Qxc4 0-0 9. Nbd2 Be6 10. Qa4 Qd7 11. Nc4 Nd4 12. Qd1 Nxf3+ 13. Bxf3 c6 14. Nxd6 1/2-1/2

[Event "Dortmund Sparkassen op-A 44th"]
[Site "Dortmund"]
[Date "2016.07.14"]
[Round "6"]
[White "Busche, Klaus"]
[Black "Geerling, Anton"]
[Result "0-1"]
[WhiteElo "2033"]
[BlackElo "2008"]
[PlyCount "92"]
[EventDate "2016.07.09"]
[EventType "swiss"]
[EventRounds "9"]
[EventCountry "GER"]
[SourceTitle "CBM 173 Extra"]
[Source "ChessBase"]
[SourceDate "2016.08.29"]
[SourceVersion "1"]
[SourceVersionDate "2016.08.29"]
[SourceQuality "1"]

1. d4 Nf6 2. Nf3 g6 3. Nc3 d5 4. Bf4 Bg7 5. Qd2 b6 6. Ne5 e6 7. f3 Bb7 8. 0-0-0 c5 9. dxc5 bxc5 10. Bh6 0-0 11. h4 Nc6 12. Nxc6 Bxc6 13. h5 Qe7 14. Bxg7 Kxg7 15. hxg6 fxg6 16. e3 Rab8 17. Be2 Qb7 18. b3 a5 19. Nb1 a4 20. Qc3 axb3 21. cxb3 Qa7 22. Rd2 Kg8 23. Rc2 c4 24. g4 cxb3 25. axb3 Bd7 26. g5 Rbc8 27. Bc4 Nh5 28. f4 dxc4 29. b4 Bc6 30. Rh3 Be4 31. Rb2 Qg7 32. Qxg7+ Nxg7 33. Nc3 Bd3 34. b5 Nf5 35. Kd2 Rb8 36. e4 Nd6 37. Ke3 Rb6 38. Rbh2 Rf7 39. Kd4 Rfb7 40. Ke5 Nxb5 41. Nxb5 Rxb5+ 42. Kf6 Rf7+ 43. Kxe6 Ra7 44. Kd6 Bxe4 45. Re2 Ra6+ 46. Kc7 Rb7+ 0-1

[Event "Ruhrgebiet Regionalliga 1516"]
[Site "Germany"]
[Date "2016.03.13"]
[Round "7.8"]
[White "Busche, Klaus"]
[Black "Fraenkel, Karl Heinz"]
[Result "1-0"]
[WhiteElo "1941"]
[BlackElo "1860"]
[PlyCount "129"]
[EventDate "2015.09.13"]
[EventType "team-tourn"]
[EventRounds "9"]
[EventCountry "GER"]
[SourceTitle "EXT 2022"]
[Source "ChessBase"]
[SourceDate "2021.10.06"]
[SourceVersion "1"]
[SourceVersionDate "2021.10.06"]
[SourceQuality "1"]
[WhiteTeam "Ahlen SV"]
[BlackTeam "Bochum SV"]
[WhiteTeamCountry "GER"]
[BlackTeamCountry "GER"]

1. d4 d5 2. Nf3 Nf6 3. c4 e6 4. g3 Be7 5. Bg2 0-0 6. 0-0 Nbd7 7. Qc2 Ne4 8. Nbd2 Ndf6 9. Ne5 Nxd2 10. Bxd2 c6 11. Rfd1 Nd7 12. Nxd7 Qxd7 13. e4 dxe4 14. Qxe4 Bf6 15. Bc3 Qc7 16. Rd3 Bd7 17. Rad1 Rac8 18. b4 a6 19. Bd2 Be7 20. c5 Qd8 21. Qe1 Bf6 22. Bf4 Ra8 23. Rb3 Qc8 24. Qe4 Re8 25. Be5 Qd8 26. a4 Be7 27. h4 Bc8 28. Rbd3 f6 29. Bf4 Bf8 30. Qe2 Qd7 31. Re3 Qf7 32. Qc4 Kh8 33. Bh3 Bd7 34. Rde1 f5 35. Bg2 g6 36. Qb3 h6 37. Be5+ Bg7 38. f4 Kg8 39. Bf1 Bxe5 40. dxe5 Qe7 41. a5 Rad8 42. Rd1 Kf7 43. Red3 Bc8 44. Rd6 Rxd6 45. exd6 Qd7 46. Bc4 h5 47. Qc3 Rd8 48. Qe5 Qe8 49. Re1 Bd7 50. Kf2 Rc8 51. Re3 Rd8 52. Ke1 Rc8 53. Kd2 Rd8 54. Kc2 Rc8 55. Kb3 Ra8 56. g4 fxg4 57. f5 gxf5 58. Qxf5+ Kg7 59. Bxe6 Bxe6+ 60. Rxe6 Qf7 61. Qe5+ Kh7 62. Qe4+ Kh8 63. Ka3 Rf8 64. Rh6+ Kg8 65. Rg6+ 1-0

[Event "Munsterland op 33rd"]
[Site "Senden"]
[Date "2015.10.12"]
[Round "4"]
[White "Busche, Klaus"]
[Black "Hecht, Carsten"]
[Result "1/2-1/2"]
[WhiteElo "2045"]
[BlackElo "2176"]
[PlyCount "78"]
[EventDate "2015.10.10"]
[EventType "swiss"]
[EventRounds "9"]
[EventCountry "GER"]
[SourceTitle "CBM 168 Extra"]
[Source "ChessBase"]
[SourceDate "2015.10.29"]
[SourceVersion "1"]
[SourceVersionDate "2015.10.29"]
[SourceQuality "1"]

1. c4 Nf6 2. Nc3 g6 3. Nf3 d5 4. cxd5 Nxd5 5. h4 Bg7 6. e4 Nb6 7. d4 Bg4 8. Be3 0-0 9. a4 a5 10. h5 Bxh5 11. Rxh5 gxh5 12. e5 Nd5 13. Nxd5 Qxd5 14. Ng5 h6 15. Nh3 c5 16. Nf4 Qd8 17. Nxh5 Qd7 18. Bb5 Qe6 19. Nf4 Qc8 20. Rc1 Na6 21. e6 fxe6 22. Nxe6 Rf6 23. Nxc5 Nxc5 24. Rxc5 Qf8 25. Bc4+ Kh8 26. b3 b6 27. Rh5 Rf5 28. Rh1 Rd8 29. g4 Rf4 30. d5 Qf6 31. Qc1 Rf8 32. Bxf4 Qxf4 33. Qxf4 Rxf4 34. g5 Bd4 35. Rxh6+ Kg7 36. Rh2 Rg4 37. Kf1 Rxg5 38. Rg2 Rxg2 39. Kxg2 Kf6 1/2-1/2

[Event "Muensterland op 31st"]
[Site "Senden"]
[Date "2013.10.30"]
[Round "5"]
[White "Molinaroli, Martin"]
[Black "Busche, Klaus"]
[Result "1-0"]
[WhiteElo "2289"]
[BlackElo "2069"]
[PlyCount "31"]
[EventDate "2013.10.27"]
[EventType "swiss"]
[EventRounds "9"]
[EventCountry "GER"]
[SourceTitle "EXT 2014"]
[Source "ChessBase"]
[SourceDate "2013.11.20"]
[SourceVersion "1"]
[SourceVersionDate "2013.11.20"]
[SourceQuality "1"]

1. d4 d5 2. c4 Nc6 3. Nc3 dxc4 4. Nf3 Bg4 5. d5 Bxf3 6. exf3 Ne5 7. Bf4 Ng6 8. Bxc4 Nf6 9. Bg3 a6 10. 0-0 Qd7 11. Qb3 0-0-0 12. Rac1 e5 13. dxe6 Qe7 14. Nd5 Nxd5 15. Bxd5 c5 16. Rxc5+ 1-0

[Event "Ruhrgebiet Regionalliga 1213"]
[Site "Nordrheinwestfalen"]
[Date "2013.04.14"]
[Round "8.7"]
[White "Busche, Klaus"]
[Black "Sicars, Thorsten"]
[Result "1/2-1/2"]
[WhiteElo "2026"]
[BlackElo "1976"]
[PlyCount "52"]
[EventDate "2012.09.09"]
[EventType "team-tourn"]
[EventRounds "9"]
[EventCountry "GER"]
[SourceTitle "EXT 2020"]
[Source "ChessBase"]
[SourceDate "2019.10.17"]
[SourceVersion "1"]
[SourceVersionDate "2019.10.17"]
[SourceQuality "1"]
[WhiteTeam "Ahlen SV"]
[BlackTeam "Holsterhausen SK"]
[WhiteTeamCountry "GER"]
[BlackTeamCountry "GER"]

1. e4 c6 2. d4 d5 3. Nc3 dxe4 4. Nxe4 Nf6 5. Nxf6+ gxf6 6. Qd3 Nd7 7. Bd2 h5 8. h4 Nb6 9. c4 Bh6 10. 0-0-0 Bg4 11. f3 Be6 12. Qc3 Bf5 13. Bd3 Bxd3 14. Qxd3 Qd7 15. Bxh6 Rxh6 16. Ne2 0-0-0 17. b3 e6 18. Qd2 Rh7 19. Qa5 Kb8 20. Rd2 Qc7 21. g3 f5 22. Rhd1 Rg7 23. f4 Nd5 24. Qxc7+ Nxc7 25. Rd3 Rdg8 26. Rf1 Ne8 1/2-1/2

[Event "Ruhrgebiet Regionalliga 1213"]
[Site "Nordrheinwestfalen"]
[Date "2013.01.27"]
[Round "5.7"]
[White "Gehring, Sven"]
[Black "Busche, Klaus"]
[Result "1/2-1/2"]
[WhiteElo "1848"]
[BlackElo "2026"]
[PlyCount "41"]
[EventDate "2012.09.09"]
[EventType "team-tourn"]
[EventRounds "9"]
[EventCountry "GER"]
[SourceTitle "EXT 2020"]
[Source "ChessBase"]
[SourceDate "2019.10.17"]
[SourceVersion "1"]
[SourceVersionDate "2019.10.17"]
[SourceQuality "1"]
[WhiteTeam "Recklinghausen Laeufer Ost"]
[BlackTeam "Ahlen SV"]
[WhiteTeamCountry "GER"]
[BlackTeamCountry "GER"]

1. e4 d5 2. exd5 Nf6 3. d4 Bg4 4. Bb5+ c6 5. dxc6 Nxc6 6. f3 Bf5 7. Ne2 e6 8. c3 Be7 9. Nd2 0-0 10. Ng3 Bd6 11. Nxf5 exf5 12. 0-0 Qc7 13. h3 Bh2+ 14. Kh1 Bg3 15. f4 Bxf4 16. Qf3 Bh6 17. Qxf5 Ne7 18. Qe5 Qxe5 19. dxe5 Nfd5 20. Nf3 Bxc1 21. Raxc1 1/2-1/2